| 000 | 00352nam a22001457a 4500 | ||
|---|---|---|---|
| 008 | 210609b ||||| |||| 00| 0 eng d | ||
| 020 | _a9780781791038 | ||
| 041 | _aeng | ||
| 080 |
_23rd _a610.73 |
||
| 082 | _a610.73 | ||
| 100 | _a2 | ||
| 101 | _aINF | ||
| 245 |
_aAn Introduction to Theory and Reasoning in Nursing _cJohnson,B.M |
||
| 942 |
_2udc _cBK |
||
| 999 |
_c58077 _d58077 |
||